000 00483nam a2200169 i 4500
001 75727
003 ES-MaACL
005 20230906172555.0
007 t|
008 040927s1969 sp ||||1| spa d
100 1 _aGriesl, Gottfrield.
_959990
245 1 0 _aEstudios de psicología pastoral /
_cGottfrield Griesl ; traducción por Diorki.
260 _aMadrid :
_bStudium,
_c1969.
300 _a221 p. ;
_c21 cm.
710 2 _aDiorki.
_93392
852 _aES-MaACL
_jC-49982
_bR.71833
999 _c75727
_d75727